The One With All The Secrets Quiz Stats

 Plays Quiz not verified by Sporcle

Also try: TV Title Overlaps
Challenge
Share
Tweet
Embed
Score 0/20 Timer 04:00
0 Plays Today
Quote Answer % Correct
Chandler has a 3rd what?Nipple
94.8%
'Joey was in a ______ movie!'Porno
92.7%
'Ross hasn't worked at the museum for a ____'Year
91.2%
'Ross married Rachel in Vegas and got divorced, _____!'Again
85.2%
'Mom, dad, Ross ______ ___ in college!'Smoked pot
80.2%
'Dad, the mailman didn't steal your ______, Ross did!'Playboys
75.8%
'Monica couldn't tell time until she was ______!'13
73.6%
'Chandler one time wore my underwear to ____!'Work
72.1%
'Ross came in ______ and cried!'Fourth
65.5%
'Monica and Chandler are _______ _________!'Living Together
65.4%
Quote Answer % Correct
'Monica was sent to her room without dinner, so she ate the _______ off her jewelry box'Macaroni
64.9%
'The ________ out there on the telephone pole is yours...'Underwear
63.9%
What can't Ross eat because of Disneyland?Tacos
53.7%
'Chandler entered a _____ ___ look-alike contest and won!'Vanilla Ice
50.8%
Who did Chandler kiss in Atlantic City?A guy
50.1%
'When he left town, you stayed in your pj's for a month, and I saw you eat a _______'Cheeseburger
49.7%
'_______ _______ didn't break the porch swing, Monica did!'Hurricane Gloria
33.8%
'Ross used to stay home every Saturday night and watch ______ ______'Golden Girls
32.3%
'_____ Thompson is getting fired!'Nancy
18.5%
'In college, Ross used to wear _______'Legwarmers
16.9%

You're not logged in!

Compare scores with friends on all Sporcle quizzes.
Join for Free
OR
Log In

You Might Also Like...

Show Comments

Extras

Curator's Pick Nov 28, 2012SourceReportNominate
Tags:Friends Quiz, Quote Quiz, secret

Top Quizzes Today


Score Distribution

Your Account Isn't Verified!

In order to create a playlist on Sporcle, you need to verify the email address you used during registration. Go to your Sporcle Settings to finish the process.

Report this User

Report this user for behavior that violates our Community Guidelines.

Details: